000
00211 a2200097 4500
001
32702
100
_a
Leopold, N F
245
_a
Life + 99 years
260
_a
London
_b
Victor Gollancz
_c
090
_c
21902
_d
21902
942
_a
NUST-CAE
_c
M
_c
13228
999
_c
267775
_d
267775